El mundo hasta Jesucristo (Record no. 22377)

MARC details
000 -LEADER
campo de control de longitud fija 00485nam a2200145 i 4500
001 - NÚMERO DE CONTROL
campo de control 22377
003 - IDENTIFICADOR DE NÚMERO DE CONTROL
campo de control ES-MaACL
007 - CAMPO FIJO DE DESCRIPCIÓN FÍSICA--INFORMACIÓN GENERAL
campo de control de longitud fija t|
008 - DATOS DE LONGITUD FIJA--INFORMACIÓN GENERAL
campo de control de longitud fija 021202s1861 sp ||||1| spa d
100 1# - ENTRADA PRINCIPAL--NOMBRE DE PERSONA
Nombre de persona Alonso y Eguílaz, Juan.
9 (RLIN) 20425
245 13 - MENCIÓN DEL TÍTULO
Título El mundo hasta Jesucristo
Resto del título : discurso familiar sobre la historia universal antigua /
Mención de responsabilidad, etc. por Juan Alonso y Eguilaz.
260 ## - PUBLICACIÓN, DISTRIBUCIÓN, ETC.
Lugar de publicación, distribución, etc. Madrid :
Nombre del editor, distribuidor, etc. [s.n.,
Fecha de publicación, distribución, etc. 1861] (
Fabricante Bernabé Fernández Gil)
300 ## - DESCRIPCIÓN FÍSICA
Extensión XXII, 312 p. ;
Dimensiones 22 cm.
852 ## - LOCALIZACIÓN
Ubicación ES-MaACL
Número de control de estantería G-12738
Holdings
Estatus retirado Estado de pérdida Estado de daño No para préstamo Colección Biblioteca de origen Biblioteca actual Ubicación en estantería Fecha de adquisición Fuente de adquisición Total de préstamos Signatura topográfica completa Código de barras Visto por última vez Precio de reemplazo Tipo de ítem Koha
        Libros del s. XIX Biblioteca del Ateneo de Madrid Biblioteca del Ateneo de Madrid Sala Pecera Planta 3 17/01/2008     G-12738 1023035 23/02/2023 23/02/2023 Libro impreso antiguo